000 00428nab a2200145Ia 4500
003 ES-SlBCS
005 20210601124309.0
008 140529s1980 xxu||||| |||| 00| 0 eng d
041 _aeng
100 1 _aFreyberg, P. S.
_9139353
245 0 0 _aTeacher Intentions and Teaching Decisions
_c P. S. Freyberg
650 0 4 _aProfesor
_9139167
773 0 _tEducational Theory
_gvol. 30, nº. 1, 1980, págs. 39-46
_wRev1399
942 _cAR
999 _c512507
_d512507